000 00627nam a2200217Ia 4500
005 20250326144511.0
008 250326s9999 xx 000 0 und d
020 _a978-0-566-08837-7
037 _aTextbook
040 _aFMSL
_beng
_cFMSL
041 _aeng
_2eng
084 _aX:8 P8
_qFMSL
100 _aOriesek Daniel F
_9749784
245 0 _aBusiness wargaming:securing corporate value
_cOriesek Daniel F; Schwarz Jan Oliver
260 _aUnited Kingdom
_bUnited Kingdom, Gower
_c2008
300 _axiv,134
365 _b4851
650 _aManagement
942 _cTB
_hX:8 P8
999 _c1303943
_d1303943